[Event "12th Open"]
[Site "Zadar CRO"]
[Date "2005.12.13"]
[Round "3"]
[White "Sutkovic,D"]
[Black "Martinovic,Sa"]
[Result "1-0"]
[WhiteElo "2301"]
[BlackElo "2182"]

1.Nf3 d5 2.c4 c6 3.e3 Nf6 4.b3 g6 5.Bb2 Bg7 6.d4 O-O 7.Bd3 Bf5 8.Bxf5 gxf5
9.Nc3 Ne4 10.O-O e6 11.Qc2 Kh8 12.Rae1 Nd7 13.Nd2 Qg5 14.f3 Nxd2 15.Qxd2 Rg8
16.Rf2 Rad8 17.Ne2 dxc4 18.bxc4 Bf6 19.Qc1 c5 20.Nf4 cxd4 21.exd4 Rc8 22.d5 e5
23.Nd3 Qg7 24.c5 Nxc5 25.Nxc5 b6 26.Qa1 Rxc5 27.Bxe5 Bxe5 28.Qxe5 Qxe5 29.Rxe5 Rc1+
30.Rf1 Rc2 31.g3 f4 32.g4 Rxa2 33.Rd1 Rd8 34.d6 Kg7 35.d7 Kf8 36.Rh5 Ke7
37.Rxh7 Re2 38.g5 Re6 39.h4 Rg6 40.Re1+ Kxd7 41.Rxf7+ Kc6 42.Rc1+ Kb5 43.Rf5+ Kb4
44.h5 Rgg8 45.Rxf4+ Kb3 46.Rg4 Kb2 47.Rf1 a5 48.h6 b5 49.g6 a4 50.g7 a3 51.Rb4+ Kc3
52.Rxb5 Rd6 53.Ra1 Kc4 54.Rg5 Rxh6 55.Rxa3 Kd4 56.Ra4+ Ke3 57.Kg2 Rh7 58.Re4+ Kd3
59.Re7 Kd4 60.f4 Rh6 61.Rf7 Rh7 62.Kg3 Ke4 63.Kg4 Rh1 64.Re7+ Kd4 65.f5 Kd5
66.f6+ Kd6 67.Re3 Rf1 68.Rf5 Rg1+ 69.Kh4 Rh1+ 70.Rh3 Ke6 71.Rxh1 Kxf5 72.f7  1-0

[Event "12th Open"]
[Site "Zadar CRO"]
[Date "2005.12.14"]
[Round "4"]
[White "Biliskov,V"]
[Black "Martinovic,Sa"]
[Result "0-1"]
[WhiteElo "2316"]
[BlackElo "2182"]

1.Nf3 d5 2.c4 dxc4 3.e3 Be6 4.Na3 Nf6 5.Nxc4 Nbd7 6.b4 g6 7.d4 Bg7 8.Bb2 O-O
9.Be2 Ne4 10.O-O Bd5 11.Qc2 f5 12.Ne1 Nb6 13.Na5 Nd6 14.Nd3 Bh6 15.Nc5 e6
16.a3 Rf7 17.Rfe1 g5 18.Bd3 g4 19.e4 fxe4 20.Nxe4 Nf5 21.Ng3 Nh4 22.Be4 c6
23.Qe2 Na4 24.Bxd5 Qxd5 25.Qxg4+ Bg5 26.Ne4 Rg7 27.Nxg5 Rxg5 28.Qxh4 Qxg2+  0-1

[Event "5th Amplico AIG Life"]
[Site "Warsaw POL"]
[Date "2005.12.17"]
[Round "3"]
[White "Adamski,J"]
[Black "Dziuba,M"]
[Result "0-1"]
[WhiteElo "2345"]
[BlackElo "2494"]

1.Nf3 d5 2.c4 e6 3.g3 Nf6 4.Bg2 c6 5.Qc2 dxc4 6.Qxc4 b5 7.Qb3 Bb7 8.O-O Nbd7
9.d4 Be7 10.Rd1 O-O 11.Nc3 a6 12.Bg5 h6 13.Bxf6 Nxf6 14.Ne5 Qc7 15.Nd3 Rfd8
16.e3 c5 17.Nxc5 Bxg2 18.Kxg2 Bxc5 19.dxc5 Qc6+ 20.Kg1 Qxc5 21.a3 Ng4 22.Rd4 Rac8
23.Rxd8+ Rxd8 24.Rd1 Rc8 25.Rd4 Qh5 26.h4 Ne5 27.Qd1 Qxd1+ 28.Rxd1 Nc4 29.Rb1 Nxa3
30.Ra1 b4 31.Ne4 Nc4 32.b3 Na3 33.Rd1 a5 34.Rd7 f5 35.Nd6 Rc1+ 36.Kg2 Rd1  0-1

[Event "Masters"]
[Site "Berkeley USA"]
[Date "2005.12.18"]
[Round "4"]
[White "Yermolinsky,A"]
[Black "Ishkanov,T"]
[Result "1-0"]
[WhiteElo "2549"]
[BlackElo "2350"]

1.Nf3 d5 2.c4 c6 3.d4 Nf6 4.Nc3 a6 5.a4 e6 6.Bg5 Nbd7 7.e3 a5 8.Bd3 Be7 9.O-O O-O
10.Qc2 dxc4 11.Bxc4 Nd5 12.Bxe7 Qxe7 13.Rfd1 Nb4 14.Qe4 b6 15.Qf4 Nf6 16.e4 Bb7
17.Rd2 Rad8 18.Rad1 Rfe8 19.h3 h6 20.b3 Ba8 21.Qh4 Rd7 22.Ne5 Rdd8 23.f4 Nd7
24.Qf2 Nf8 25.f5 f6 26.Nf3 Kh7 27.Nh4 e5 28.Ng6 Nxg6 29.fxg6+ Kh8 30.Bf7 Rf8
31.dxe5 Rxd2 32.Qxd2 Qxe5 33.Qd6 Qxd6 34.Rxd6 Na6 35.Kf2 Nc5 36.Ke3 Rc8 37.Rd4 Bb7
38.g4 Ba6 39.h4 Bf1 40.Rd1 Ba6 41.Rd6 Bf1 42.Nd1 Bg2 43.Nf2 Bf1 44.g5 b5
45.gxf6 gxf6 46.Ng4 bxa4 47.bxa4 Nxa4 48.Nxf6 Kg7 49.Nh5+ Kf8 50.Rf6  1-0

[Event "5th Amplico AIG Life Places 9-12"]
[Site "Warsaw POL"]
[Date "2005.12.18"]
[Round "1"]
[White "Wojtaszek,R"]
[Black "Deviatkin,A"]
[Result "1-0"]
[WhiteElo "2606"]
[BlackElo "2528"]

1.Nf3 d5 2.c4 c6 3.e3 Nf6 4.Nc3 a6 5.b3 Bf5 6.Bb2 e6 7.Be2 Nbd7 8.O-O Bd6
9.Nh4 Bg6 10.d3 Qc7 11.h3 O-O 12.Rc1 Rad8 13.Nxg6 hxg6 14.Qc2 Qb8 15.Rfd1 Rfe8
16.d4 Be7 17.a3 a5 18.Bf3 Qa7 19.g3 Nb6 20.Be2 Nc8 21.c5 Bf8 22.b4 b5 23.Ra1 a4
24.Nxb5 cxb5 25.Bxb5 Re7 26.Qxa4 Qb8 27.Bd3 Ne4 28.Kg2 Ra7 29.Qb3 Ne7 30.Qc2 Nf5
31.Bxe4 dxe4 32.Qxe4 Qb5 33.Qd3 Qc6+ 34.Kg1 Rb7 35.Bc3 Qa4 36.Rd2 Rbd7 37.Qc2 Qc6
38.a4 e5 39.b5 Qe6 40.c6 exd4 41.cxd7 dxe3 42.Re2 exf2+ 43.Kxf2 Qxd7 44.Rae1 Rc8
45.Qd2 Qa7+ 46.Kg2 Qxa4 47.Rb1 Qa8+ 48.Kh2 Qf3 49.Be5 Rd8 50.Qe1 Qb7 51.Bf4 Nd4
52.Rf2 Nf3+  1-0

[Event "5th Amplico AIG Life 3rd Place"]
[Site "Warsaw POL"]
[Date "2005.12.18"]
[Round "1"]
[White "Zubov,A UKR"]
[Black "Korchnoi,V"]
[Result "1-0"]
[WhiteElo "2493"]
[BlackElo "2620"]

1.Nf3 d5 2.c4 e6 3.d4 dxc4 4.e3 c5 5.Bxc4 cxd4 6.Qxd4 Qc7 7.O-O Nc6 8.Qd3 Nf6
9.Nc3 a6 10.Rd1 Be7 11.h3 O-O 12.Qe2 Ne5 13.Nxe5 Qxe5 14.f4 Qc5 15.Kh2 b5
16.Bd3 Bb7 17.Bd2 b4 18.Na4 Qc6 19.b3 Rad8 20.Be1 Qc8 21.Bh4 Rfe8 22.Rac1 Qa8
23.Nc5 Bxc5 24.Bxf6 gxf6 25.Rxc5 Be4 26.Bxe4 Qxe4 27.Rc4 Qb7 28.e4 Rxd1 29.Qxd1 a5
30.Qh5 Qb8 31.Qh6 e5 32.Qxf6 exf4 33.Rc5 f3+ 34.g3 Qa7 35.Qg5+ Kh8 36.Qf6+ Kg8
37.Rg5+ Kf8 38.Qh6+ Ke7 39.Re5+ Kd7 40.Rd5+ Kc7 41.Qd6+  1-0

[Event "5th Amplico AIG Life"]
[Site "Warsaw POL"]
[Date "2005.12.18"]
[Round "11"]
[White "Glyzin,Y"]
[Black "Ejsmont,K"]
[Result "1-0"]
[WhiteElo "2203"]
[BlackElo "2395"]

1.Nf3 d5 2.c4 c6 3.cxd5 cxd5 4.d4 Nf6 5.Nc3 Nc6 6.Bf4 a6 7.Rc1 Bf5 8.e3 e6
9.Be2 Bd6 10.O-O O-O 11.Na4 Nd7 12.Nc5 Nxc5 13.Rxc5 b6 14.Rc3 h6 15.Qd2 a5
16.Rfc1 Ne7 17.h3 Be4 18.a3 Bg6 19.Ne1 e5 20.Bb5 Nf5 21.Rc6 Qg5 22.Nf3 Qd8
23.Bf1 Ne7 24.b4 Rb8 25.Rb1 Qc7 26.Ba6 Kh7 27.Rcc1 Ng8 28.Bf1  1-0

[Event "4th TCh-Asia w"]
[Site "Esfahan IRI"]
[Date "2005.12.25"]
[Round "5"]
[White "Gomes,M"]
[Black "Pourkashiyan,A"]
[Result "1/2-1/2"]
[WhiteElo "2232"]
[BlackElo "2271"]

1.Nf3 d5 2.c4 e6 3.g3 Nf6 4.Bg2 Be7 5.O-O O-O 6.b3 b6 7.Bb2 Bb7 8.Ne5 c5
9.e3 Nbd7 10.d4 Qc7 11.Nc3 dxc4 12.Bxb7 Qxb7 13.bxc4 cxd4 14.exd4 Nxe5 15.dxe5 Ne4
16.Qf3 Nc5 17.Qe2 Rfd8 18.Rfd1 h6 19.Ba3 Na4 20.Nxa4 Bxa3 21.Nc3 Rac8 22.Nb5 Be7
23.Nd6 Bxd6 24.Rxd6 Rxd6 25.exd6 Qc6 26.Rd1 Rd8 27.Qd3 Rd7 28.Qd4 Qc5 29.Qe4 Rxd6
30.Qa8+ Kh7 31.Rxd6 Qxd6 32.Qxa7 f5 33.a4 Qb4 34.Qa6 f4 35.gxf4 Qe1+ 36.Kg2 Qd1
37.Qxb6 Qg4+ 38.Kh1 Qf3+ 39.Kg1 Qd1+ 40.Kg2 Qg4+  1/2-1/2

[Event "21st Post Open"]
[Site "Duesseldorf GER"]
[Date "2005.12.27"]
[Round "2"]
[White "Lelchuk,Z"]
[Black "Orlova,I"]
[Result "0-1"]
[WhiteElo "2369"]
[BlackElo "2017"]

1.Nf3 d5 2.c4 c6 3.e3 Nf6 4.Nc3 g6 5.d4 Bg7 6.Bd3 O-O 7.O-O dxc4 8.Bxc4 b5
9.Be2 Nbd7 10.Bd2 Re8 11.Rc1 Bb7 12.b4 e5 13.Qc2 exd4 14.Nxd4 Rc8 15.Rfd1 a6
16.a4 c5 17.bxc5 b4 18.c6 Bxc6 19.Bxa6 Be4 20.Nxe4 Rxc2 21.Nxf6+ Qxf6 22.Nxc2 Qxa6
23.Nxb4 Qxa4 24.Be1 Nc5 25.Rd5 Ne4 26.Nd3 Qb3 27.Rd7 Bc3 28.Bxc3 Nxc3 29.Nf4 g5
30.Rd3 gxf4 31.Rdxc3 Qe6 32.Re1 Qg6 33.Rec1 f3 34.g3 Qg4 35.e4 Rxe4 36.h3 Qxh3
37.Rxf3 Re5 38.Rc8+  0-1

[Event "ch-RUS Superfinal"]
[Site "Moscow RUS"]
[Date "2005.12.27"]
[Round "8"]
[White "Tomashevsky,E"]
[Black "Khalifman,A"]
[Result "1/2-1/2"]
[WhiteElo "2564"]
[BlackElo "2653"]

1.Nf3 d5 2.c4 d4 3.g3 c5 4.e3 Nc6 5.exd4 cxd4 6.Bg2 e5 7.O-O Bd6 8.d3 Nge7
9.a3 a5 10.Nbd2 O-O 11.Re1 Ng6 12.Qc2 Be7 13.Rb1 Be6 14.h4 f6 15.c5 Rc8 16.Ne4 b5
17.cxb6 Qxb6 18.h5 Nh8 19.Qe2 Nf7 20.Ned2 Nd6 21.Nh4 Qd8  1/2-1/2

[Event "XXXV Rilton Cup"]
[Site "Stockholm SWE"]
[Date "2005.12.28"]
[Round "2"]
[White "Marttala,T"]
[Black "Brynell,S"]
[Result "0-1"]
[WhiteElo "2269"]
[BlackElo "2496"]

1.Nf3 d5 2.c4 d4 3.e3 Nc6 4.exd4 Nxd4 5.Nxd4 Qxd4 6.Nc3 c6 7.d3 Nh6 8.h3 Nf5
9.g4 Qe5+ 10.Qe2 Qxe2+ 11.Nxe2 Nh4 12.Be3 h5 13.gxh5 Nf3+ 14.Kd1 Rxh5 15.Kc2 g6
16.Rd1 Bg7 17.Bg2 Nh4 18.Bf1 Nf5 19.Bc1 Nd4+ 20.Nxd4 Bxd4 21.Be3 Bf6 22.a3 Bf5
23.Bg2 Rh4 24.b3 Rh5 25.a4 Kd7 26.Be4 Ke6 27.Bf3 Rh4 28.a5 a6 29.Kc1 Kd7
30.Be4 Bxh3 31.Bb6 Rah8 32.b4 Bg4 33.Rxh4 Rxh4 34.Rg1 Be6 35.b5 Bxc4 36.bxc6+ bxc6
37.Bxg6 fxg6 38.dxc4 Rxc4+  0-1

[Event "Masters"]
[Site "Hastings ENG"]
[Date "2005.12.29"]
[Round "2"]
[White "Thompson,I"]
[Black "Husted,P"]
[Result "1-0"]
[WhiteElo "2295"]
[BlackElo "2127"]

1.Nf3 d5 2.c4 c6 3.e3 Nf6 4.Nc3 g6 5.b3 Bg7 6.Bb2 O-O 7.Be2 Bg4 8.O-O Ne4
9.d4 Nxc3 10.Bxc3 Nd7 11.Rc1 e6 12.Nd2 Bxe2 13.Qxe2 f5 14.b4 a6 15.a4 Nb6
16.cxd5 exd5 17.b5 Nxa4 18.bxc6 bxc6 19.Bb4 Rf6 20.Qd1 a5 21.Qxa4 axb4 22.Qxb4 Bf8
23.Qb3 Qb8 24.Qc2 Qa7 25.Nf3 Rc8 26.Ra1 Qc7 27.Ra6 f4 28.e4 dxe4 29.Qxe4 Qe7
30.Qxe7 Bxe7 31.Re1 c5 32.Ra4 Bf8 33.Rc4 Rf5 34.h4 Ra8 35.Rec1 cxd4 36.Nxd4 Rf6
37.R1c2 Bd6 38.Rc8+ Rxc8 39.Rxc8+ Kf7 40.Kf1 h5 41.Ke2 Ke7 42.Kf3 Kd7 43.Rc4 Be7
44.Ne2 Ke6 45.Nxf4+ Kf7 46.Rc7 Rd6 47.Ke4 Ke8 48.g3 Rd2 49.Ke3 Rd6 50.Rb7 g5
51.hxg5 Bxg5 52.Rb5 Bxf4+ 53.Kxf4 Rd4+ 54.Ke3  1-0

[Event "Master Open"]
[Site "Zurich SUI"]
[Date "2005.12.29"]
[Round "5"]
[White "Zugic,I"]
[Black "Fierz,M"]
[Result "1-0"]
[WhiteElo "2462"]
[BlackElo "2277"]

1.Nf3 d5 2.c4 c6 3.d4 Nf6 4.Qc2 g6 5.Bf4 Bg7 6.e3 O-O 7.Nc3 a6 8.h3 b5 9.cxd5 cxd5
10.a4 b4 11.Na2 a5 12.Nc1 Na6 13.Nb3 Qb6 14.Ne5 Bb7 15.Bb5 Rac8 16.Qe2 Nb8
17.Nd3 Ne4 18.O-O Rfd8 19.Rfc1 Bf8 20.Ndc5 Ba8 21.Bxb8 Qxb8 22.Nxe4 dxe4
23.Nxa5 e5 24.Rxc8 Rxc8 25.dxe5 Qxe5 26.Nc4 Qc5 27.Rd1 Bd5 28.b3 Bg7 29.g3 Bc3
30.Rxd5 Qxd5 31.Nb6 Qxb3 32.Nxc8 Qb1+ 33.Qf1 Qc2 34.Ne7+ Kf8 35.Nd5 b3 36.Nxc3 Qxc3
37.Bc4  1-0

[Event "Open"]
[Site "Bucharest ROM"]
[Date "2005.??.21"]
[Round "6"]
[White "Barnaure,V"]
[Black "Itkis,B"]
[Result "0-1"]
[WhiteElo "2445"]
[BlackElo "2489"]

1.Nf3 d5 2.c4 c6 3.e3 Nf6 4.Nc3 g6 5.d4 Bg7 6.Be2 O-O 7.O-O a6 8.a4 a5 9.b3 b6
10.Ba3 Re8 11.cxd5 Nxd5 12.Nxd5 cxd5 13.Rc1 e6 14.Bb5 Bd7 15.Qe2 f6 16.Rc2 Bf8
17.Bxf8 Kxf8 18.Rfc1 Ra7 19.h4 Qe7 20.Bxd7 Qxd7 21.e4 dxe4 22.Qxe4 Na6 23.Qf4 Kg7
24.h5 gxh5 25.Rc3 Qe7 26.Ne5 Nb4 27.Rg3+ Kh8 28.Nc6 Nxc6 29.Rxc6 e5 30.Qf5 exd4
31.Rc8 Rf8 32.Qe6 Qf7 33.Rxf8+ Qxf8 34.Qxb6 Rd7 35.Rd3 Qd8 36.Qe6 Rd5 37.Qf7 h4
38.Qe6 Rc5 39.Qf7 Qd6 40.Kf1 Rc3 41.Rxd4 Rc1+ 42.Ke2 Qe5+ 43.Kd2 Qe1+  0-1

[Event "Open"]
[Site "Verona ITA"]
[Date "2006.01.05"]
[Round "5"]
[White "Fuggetta,L"]
[Black "Vianello,E"]
[Result "0-1"]
[WhiteElo "2068"]
[BlackElo "2086"]

1.Nf3 d5 2.c4 c6 3.e3 Nf6 4.Qc2 Bg4 5.Ne5 Bh5 6.b3 e6 7.Bb2 Nbd7 8.Nxd7 Nxd7
9.Nc3 Bd6 10.d4 Qe7 11.Bd3 Qg5 12.f4 Qh4+ 13.g3 Qe7 14.a4 Rc8 15.O-O Bg4
16.e4 dxc4 17.bxc4 h5 18.e5 Bb4 19.Ne4 Bf5 20.Nd6+ Bxd6 21.Bxf5 Bb4 22.Be4 g6
23.Qd3 O-O 24.Kg2 Rfd8 25.Qf3 Nb6 26.Rfc1 a5  0-1

[Event "12th Open A"]
[Site "Bosnjaci CRO"]
[Date "2006.01.06"]
[Round "5"]
[White "Babic,Dras"]
[Black "Ascic,P"]
[Result "1/2-1/2"]
[WhiteElo "2316"]
[BlackElo "2348"]

1.Nf3 d5 2.c4 d4 3.b4 c5 4.d3 cxb4 5.a3 bxa3 6.Bxa3 Nc6 7.g3 g6 8.Bg2 Bg7
9.Nbd2 Nf6 10.O-O O-O 11.Ra2 Re8 12.Qa1 h6 13.Nb3 e5 14.Nfd2 Qc7 15.Nc5 Rd8
16.Rb1 Kh7 17.Bc1 Nd7 18.Nde4 Ndb8 19.Na4 Na6 20.Rab2 Rb8 21.Nec5 Nxc5 22.Nxc5 Bf8
23.Ne4 Be7 24.f4 f5 25.Nf2 Be6 26.fxe5 g5 27.e4 f4 28.gxf4 gxf4 29.Bxf4 Rg8
30.Rb5 b6 31.Bg3 h5 32.R1b2 h4 33.Qd1 Rg6 34.Bf4 Rf8 35.Qf3 Qc8 36.Kh1 Qe8
37.Bh3 Rfg8 38.Rb1 Nd8 39.Bf5 Rg7  1/2-1/2

[Event "Petrovskaya Ladya IM"]
[Site "Peterhof RUS"]
[Date "2006.01.06"]
[Round "4"]
[White "Drugov,P"]
[Black "Lupik,M"]
[Result "0-1"]
[WhiteElo "2318"]
[BlackElo "2226"]

1.Nf3 d5 2.c4 c6 3.d4 Nf6 4.Nc3 e6 5.cxd5 exd5 6.Bg5 h6 7.Bh4 Bf5 8.Qb3 Na6
9.e4 Bxe4 10.Nxe4 dxe4 11.Bxa6 bxa6 12.Ne5 Qa5+ 13.Kd1 Qd5 14.Qb7 Rd8 15.Nxc6 Qh5+
16.Ke1 Qxh4 17.Nxd8 e3 18.g3 Qxd4 19.Qxf7+ Kxd8 20.fxe3 Qxe3+ 21.Kd1 Qf3+
22.Kc2 Qe4+ 23.Kc3 Nd5+ 24.Qxd5+ Qxd5 25.Rad1 Qxd1 26.Rxd1+ Kc7 27.Rf1 Bd6
28.Rf7+ Kb6 29.Rxg7 Be5+  0-1

[Event "10th Open"]
[Site "Bad Zwesten GER"]
[Date "2006.01.08"]
[Round "9"]
[White "Tereick,B"]
[Black "Boudre,JP"]
[Result "1/2-1/2"]
[WhiteElo "2209"]
[BlackElo "2340"]

1.Nf3 d5 2.c4 c6 3.g3 Nf6 4.Bg2 Bg4 5.Ne5 Be6 6.cxd5 Bxd5 7.Nf3 c5 8.Nc3 Bc6
9.O-O e6 10.d3 Nbd7 11.e4 Be7 12.Qe2 Qb6 13.Rd1 Qa6 14.Qe1 e5 15.Nh4 g6 16.f4 O-O
17.Nf3 Bd6 18.Kh1 Rfe8 19.f5 c4 20.dxc4 Bb4 21.fxg6 hxg6 22.a3 Bxc3 23.Qxc3 Bxe4
24.b3 Rac8 25.a4 Qc6 26.Ba3  1/2-1/2

[Event "Keres Mem A"]
[Site "Tallin EST"]
[Date "2006.01.12"]
[Round "8"]
[White "Kanep,M"]
[Black "Starostits,I"]
[Result "1-0"]
[WhiteElo "2516"]
[BlackElo "2493"]

1.Nf3 d5 2.c4 c6 3.e3 Nf6 4.d4 a6 5.Nc3 b5 6.b3 Bg4 7.Be2 e6 8.O-O Bd6 9.h3 Bh5
10.Bb2 O-O 11.Ne5 Bxe2 12.Nxe2 Nfd7 13.Rc1 Nxe5 14.dxe5 Be7 15.cxd5 exd5
16.Nd4 Qd7 17.e4 dxe4 18.Nxc6 Bg5 19.Nxb8 Qxd1 20.Rcxd1 Rfxb8 21.Rfe1 Rd8
22.Rd4 Rac8 23.Re2 Rxd4 24.Bxd4 h5 25.g3 Rc1+ 26.Kg2 b4 27.Rxe4 Rc2 28.Bb6 Be7
29.Rc4 Rxa2 30.h4 Re2 31.Rc8+ Kh7 32.Be3 Rb2 33.Re8 Bxh4 34.gxh4 Rxb3 35.Re7 Kg8
36.e6 fxe6 37.Rxe6 a5 38.Rb6 Rb1 39.Ra6 Ra1 40.Rb6 Rb1 41.Ra6 Ra1 42.Bd4 Rd1
43.Be5 Rd5 44.f4 b3 45.Kf3 Rb5 46.Bb2 Kf7 47.Ke3 Rc5 48.Kd3 Rc2 49.Bc3 Rf2
50.Bd2 Rh2 51.Rxa5 Rxh4 52.Rb5 Rh1 53.Rxb3 h4 54.Ke4 h3 55.Rb7+ Kg8 56.Be3 h2
57.Rb2 g6 58.Re2 Kf7 59.Bd4 Ke6 60.Bg7 Kf7 61.Bh6 Kf6 62.Bg5+ Kg7 63.Bh4  1-0

[Event "TCh-AUT 2005-6"]
[Site "Austria AUT"]
[Date "2006.01.14"]
[Round "6"]
[White "Novkovic,Mi"]
[Black "Genser,H"]
[Result "1/2-1/2"]
[WhiteElo "2402"]
[BlackElo "2336"]

1.Nf3 d5 2.c4 e6 3.d4 Nf6 4.Bg5 Bb4+ 5.Nc3 dxc4 6.e4 c5 7.Bxc4 cxd4 8.Nxd4 Bxc3+
9.bxc3 Qa5 10.Bb5+ Nbd7 11.Bxf6 Qxc3+ 12.Kf1 gxf6 13.h4 a6 14.Rc1 Qb4 15.Be2 O-O
16.Rh3 Kh8 17.Rg3 Rg8 18.Rcc3 Rxg3 19.Rxg3 Qd6 20.Qd2 b5 21.Bh5 Bb7 22.Bxf7 Rf8
23.Bxe6 Nc5 24.Bf5 Nxe4 25.Bxe4 Bxe4 26.Qh6 Rg8 27.Rxg8+ Kxg8 28.Qe3 Bc6
29.a3 Bd7 30.f3 Kf7 31.Kf2 a5 32.Nxb5 Bxb5 33.Qb3+ Kg7 34.Qxb5 Qxa3 35.Qd7+ Kg8
36.Qd8+ Kg7 37.Qd7+  1/2-1/2

[Event "Open A"]
[Site "Prague CZE"]
[Date "2006.01.14"]
[Round "2"]
[White "Mrna,V"]
[Black "Pavelka,J"]
[Result "0-1"]
[WhiteElo "2030"]
[BlackElo "2216"]

1.Nf3 d5 2.c4 c6 3.g3 Nf6 4.Bg2 Bf5 5.b3 h6 6.O-O e6 7.Bb2 Nbd7 8.d3 Be7
9.Nbd2 O-O 10.a3 a5 11.Rc1 Bh7 12.Rc2 Bd6 13.Qa1 Qe7 14.Rfc1 e5 15.cxd5 cxd5
16.Bh3 Rfe8 17.Nh4 g6 18.e4 dxe4 19.Nxe4 Nxe4 20.Bxd7 Qxd7 21.dxe4 g5 22.Rd2 gxh4
23.Rcd1 Re6 24.Bxe5 Bxe5 25.Qxe5 Qxd2  0-1

[Event "Open A"]
[Site "Prague CZE"]
[Date "2006.01.14"]
[Round "2"]
[White "Vokac,M"]
[Black "Jevtic,Mir"]
[Result "1-0"]
[WhiteElo "2445"]
[BlackElo "2135"]

1.Nf3 d5 2.c4 e6 3.g3 Nf6 4.Bg2 Be7 5.O-O O-O 6.b3 c5 7.Bb2 Nc6 8.e3 Ne4
9.d4 cxd4 10.exd4 f5 11.Nbd2 Bd6 12.Qe2 b6 13.Ne5 Nxe5 14.dxe5 Bb4 15.Nxe4 dxe4
16.a3 Be7 17.Rad1 Qc7 18.g4 g6 19.gxf5 gxf5 20.f3 exf3 21.Bxf3 Bb7 22.Kh1 Kh8
23.Rd6 Qc8 24.Rfd1 Rg8 25.Rd7 Bxf3+ 26.Qxf3 Bc5 27.R7d6 h6 28.R6d3 Rg7 29.b4 Be7
30.Bc1 Bg5 31.Rd6 Rb8 32.Bxg5 Rxg5 33.Qc6 Qxc6+ 34.Rxc6 Re8 35.Rc7 f4 36.Rf7 Rf5
37.Rxf5 exf5 38.Re1 Kg7 39.Kg2 Rc8 40.Rc1 Kf7 41.Kf3 Ke6 42.Kxf4 a5 43.c5 axb4
44.axb4 b5 45.c6 Rc7 46.Rc5 Rc8 47.c7 Kd7 48.Kxf5 Rf8+ 49.Kg6 Kc8 50.e6  1-0

[Event "Winter Cup"]
[Site "Bucharest ROM"]
[Date "2006.01.17"]
[Round "4"]
[White "Ionescu,Co"]
[Black "Hamitevici,V"]
[Result "1/2-1/2"]
[WhiteElo "2450"]
[BlackElo "2284"]

1.Nf3 d5 2.c4 c6 3.e3 Nf6 4.Nc3 Bf5 5.cxd5 cxd5 6.Qb3 Bc8 7.Bb5+ Nc6 8.Ne5 Bd7
9.d4 e6 10.Nxd7 Qxd7 11.O-O Bd6 12.Bd2 O-O 13.Rfc1 Rac8 14.Na4 Qe7 15.Bxc6 bxc6
16.Rc2 Ne4 17.Be1 c5 18.dxc5 Nxc5 19.Nxc5 Rxc5 20.Rac1 Rfc8 21.Rxc5 Rxc5
22.Rxc5 Bxc5 23.Bc3 f6 24.Qb5 Kf7 25.a4 Qc7 26.g3 h5 27.Qe2 g6 28.Qb5 Be7
29.Bd4 h4 30.a5 g5 31.a6 h3 32.Bc3 f5 33.g4 fxg4 34.Qe2 Qc6 35.Qxg4 Qxa6
36.Qh5+ Kf8 37.Qxh3 Ke8 38.Qh7 Qe2 39.Qh8+ Kd7 40.Qd4 Ke8 41.h3  1/2-1/2

[Event "4th Parsvnath Open"]
[Site "New Delhi IND"]
[Date "2006.01.20"]
[Round "8"]
[White "Deepak,R"]
[Black "Meenakshi,S1"]
[Result "0-1"]
[WhiteElo "2068"]
[BlackElo "2289"]

1.Nf3 d5 2.c4 c6 3.b3 Nf6 4.g3 g6 5.Bb2 Bg7 6.Bg2 O-O 7.O-O Bg4 8.Na3 Nbd7
9.d3 Re8 10.Rc1 a6 11.Nc2 e5 12.Ne3 Qa5 13.a3 Rad8 14.b4 Qb6 15.Qc2 Bxf3
16.exf3 a5 17.Rb1 axb4 18.axb4 h5 19.Ba1 d4 20.c5 Qc7 21.Nc4 Bf8 22.Rfe1 Nd5
23.Qd2 b6 24.cxb6 N7xb6 25.Rec1 Na4 26.f4 Nac3 27.fxe5 Nxb1 28.Rxb1 Rb8 29.Bxd4 Bxb4
30.Qc2 Bf8 31.Re1 Rbd8 32.Qb2 c5 33.Bc3 Nb4 34.Bxb4 cxb4 35.Be4 Qc5 36.Rc1 Bg7
37.Kg2 Bxe5 38.Nxe5 Qxe5 39.Qxb4 Rb8 40.Qa4 Rb2 41.Rc2 Reb8 42.Rxb2 Rxb2
43.Qc4 Qf6 44.Bf3 Rd2 45.Qc8+ Kg7 46.Qc4 Qb2 47.Qc5 Rxd3 48.h4 Qf6 49.Be4 Rd1
50.Qc2 Ra1 51.Bf3 Qd4 52.Kh2 Qb4 53.Qe2 Qc3 54.Kg2 Rc1 55.Be4 Qd4 56.Bf3 Rb1
57.Qe8 Rb2 58.Qe1 Kf8 59.Qf1 Qd2 60.Kg1 Rc2 61.Kg2 Rc1 62.Qb5 Qe1 63.Qb8+ Kg7
64.Qb2+ Kg8 65.Kh3 Rc3 66.Kg2 Qe5 67.Qb7 Rc2 68.Qb3 Qc5  0-1

[Event "TCh-BEL 2005-6"]
[Site "Belgium BEL"]
[Date "2006.01.21"]
[Round "7"]
[White "Roeder,M"]
[Black "Lobzhanidze,D"]
[Result "1-0"]
[WhiteElo "2400"]
[BlackElo "2462"]

1.Nf3 d5 2.c4 c6 3.e3 Nf6 4.Nc3 a6 5.b3 Bf5 6.Be2 e6 7.Nh4 Bg6 8.Bb2 Bd6
9.Nxg6 hxg6 10.Qc2 e5 11.d4 e4 12.O-O-O Qe7 13.Kb1 Bb4 14.g4 Bxc3 15.Qxc3 O-O
16.g5 Nh7 17.h4 a5 18.f4 a4 19.b4 Nd7 20.a3 Nb6 21.c5 Nc8 22.h5 Qd7 23.Qe1 Ne7
24.Qh4 Nf5 25.Qh3 Rfe8 26.hxg6 fxg6 27.Qxh7+ Kf7  1-0

[Event "2nd Bundesliga West 2005-6"]
[Site "Austria AUT"]
[Date "2006.01.22"]
[Round "8"]
[White "Novkovic,Mi"]
[Black "Pitl,G"]
[Result "0-1"]
[WhiteElo "2402"]
[BlackElo "2339"]

1.Nf3 d5 2.c4 c6 3.e3 Nf6 4.Nc3 a6 5.b3 Bg4 6.Be2 e6 7.Bb2 Nbd7 8.d4 Bd6
9.O-O Qb8 10.h3 Bh5 11.Qc2 O-O 12.e4 dxe4 13.Nxe4 Nxe4 14.Qxe4 Re8 15.Ne5 Bxe2
16.Qxe2 Qc7 17.Rad1 Rad8 18.Ng4 Nf8 19.h4 Qe7 20.h5 h6 21.Rd3 Nh7 22.Rfd1 f6
23.Bc1 Qf7 24.Rh3 Bb8 25.Bxh6 f5 26.Ne5 Bxe5 27.Qxe5 gxh6 28.Rg3+ Kf8 29.Rg6 c5
30.Qxc5+ Re7 31.d5 e5 32.Rxh6 Rd7 33.Re1 e4 34.Rg6 Nf6 35.Qd4 Ng8 36.Re3 Qh7
37.Reg3 Nh6 38.R3g5 Rf7 39.Qc5+ Rfe7 40.d6 Re8 41.Rf6+ Nf7 42.Rgxf5 Red8
43.Qd5 Re8 44.Qd4 Re6 45.Rxf7+  0-1

[Event "Gibtelecom Masters"]
[Site "Gibraltar ENG"]
[Date "2006.01.24"]
[Round "1"]
[White "Sbia,B"]
[Black "Sisask,J"]
[Result "0-1"]
[WhiteElo "1989"]
[BlackElo "2196"]

1.Nf3 d5 2.c4 d4 3.e3 Nc6 4.b4 dxe3 5.fxe3 Nxb4 6.Qa4+ Nc6 7.Ne5 Qd6 8.Nxc6 Bd7
9.Ba3 Qf6 10.Nc3 Bxc6 11.Qb3 e6 12.Bb2 Qh4+ 13.Kd1 a6 14.Ne2 O-O-O 15.Be5 Qh5
16.Bc3 Nf6 17.Bxf6 gxf6 18.Qc3 Rg8 19.Kc1 e5 20.h4 Be4 21.Qa5 Qf5 22.Nc3 Bxg2
23.Bxg2 Rxg2 24.Nd5 Qd7 25.Rb1 Qc6 26.Qc3 Rg4 27.e4 Rxe4 28.d3 Re2 29.Rb2 Re3
30.Rc2 Rg3 31.Rf1 e4 32.Rxf6 Qa4 33.Qe5 Ba3+ 34.Kd1 Rxd3+ 35.Ke1 R3xd5 36.cxd5 Qxc2
37.Rxf7 Bb4+ 38.Kf1 Qd1+ 39.Kg2 Rg8+ 40.Rg7 Qf3+  0-1

[Event "FINEC IM"]
[Site "St Petersburg RUS"]
[Date "2006.01.25"]
[Round "9"]
[White "Rumiantsev,An"]
[Black "Lanin,A"]
[Result "0-1"]
[WhiteElo "2249"]
[BlackElo "2449"]

1.Nf3 d5 2.c4 e6 3.b3 c5 4.Bb2 Nc6 5.g3 Nf6 6.Bg2 d4 7.d3 e5 8.O-O Bd6 9.e4 O-O
10.Nh4 Re8 11.Bc1 a6 12.Bg5 h6 13.Bd2 b5 14.f4 bxc4 15.bxc4 Rb8 16.Na3 exf4
17.gxf4 Ng4 18.Nf3 Ne3 19.Bxe3 dxe3 20.e5 Nd4 21.Re1 Bg4 22.Rxe3 Bxf3 23.Bxf3 Qh4
24.Re4 Rb2  0-1

[Event "ch-Kyiv"]
[Site "Kyiv UKR"]
[Date "2006.01.26"]
[Round "3"]
[White "Matorin,E"]
[Black "Panchenko,AG"]
[Result "1-0"]
[WhiteElo "2294"]
[BlackElo "2393"]

1.Nf3 d5 2.c4 dxc4 3.Na3 Nf6 4.Nxc4 g6 5.g3 Bg7 6.Bg2 O-O 7.O-O c6 8.b3 Bf5
9.Bb2 Qc8 10.Re1 Na6 11.Rc1 Rd8 12.Nfe5 Bh3 13.Ba3 Bxg2 14.Kxg2 Nd5 15.Nd3 Nac7
16.Bb2 Ne6 17.Bxg7 Kxg7 18.Qc2 Ng5 19.Qb2+ f6 20.f3 Nc7 21.Nf2 Nb5 22.h4 Nf7
23.e3 e5 24.a4 Nbd6 25.d4 exd4 26.Qxd4 Nxc4 27.Qxc4 Ne5 28.Qb4 a5 29.Qe7+ Nf7
30.Ne4 f5 31.Ng5 Rd7 32.Ne6+ Kg8 33.Qf6 Nd6 34.Rcd1  1-0

[Event "Winter Open"]
[Site "Belgrade SCG"]
[Date "2006.01.27"]
[Round "7"]
[White "Pucarevic,M"]
[Black "Maksimovic,Ma"]
[Result "0-1"]
[WhiteElo "2268"]
[BlackElo "2102"]

1.Nf3 d5 2.c4 c6 3.b3 Bg4 4.Ne5 Bh5 5.Bb2 Nf6 6.g3 e6 7.Bg2 Bd6 8.O-O O-O
9.d3 Nbd7 10.Nxd7 Nxd7 11.Qc2 Be5 12.d4 Bg6 13.Qd2 Bf6 14.Nc3 Qa5 15.cxd5 exd5
16.Ne4 Qxd2 17.Nxd2 Rfe8 18.e3 h5 19.Rfc1 a5 20.a4 Be7 21.Bf1 Bb4 22.Bc3 Bd6
23.Nf3 Nf6 24.Ra2 Ne4 25.Be1 Bf5 26.Nh4 Bh7 27.Be2 g5 28.Ng2 Nf6 29.h4 g4
30.Bc3 Ne4 31.Be1 Kg7 32.Nf4 Nf6 33.Nd3 Nd7 34.Bc3 Bf5 35.Nc5 Nxc5 36.dxc5+ Be5
37.Rb2 Bxc3 38.Rxc3 Be4 39.b4 axb4 40.Rxb4 Ra7 41.Kf1 Kf6 42.Ke1 Ke5 43.Bd1 Rd8
44.Rd4 Ra5 45.Rb4 Rd7 46.Bb3 f5 47.Kd2 d4 48.exd4+ Rxd4+ 49.Rxd4 Kxd4 50.Rc4+ Ke5
51.Rb4 Bd5 52.Bc2 Be4 53.Bd1 Ra7 54.Bb3 Bd5 55.Bc2 Bf3 56.Ke3 Bd5 57.Rf4 Be6
58.Kd2 Ra5 59.Rb4 Ra7 60.Kc3 Bd5 61.Rf4 Be6 62.Kb4 Ra8 63.Kc3 Ra5 64.Kb4 Ra8
65.Bb3 Bxb3 66.Kxb3 Ra5 67.Rb4 Ra7 68.Rf4 Ra5 69.Kb4 Ra8 70.Rc4 Kd5  0-1

[Event "Gibtelecom Masters"]
[Site "Gibraltar ENG"]
[Date "2006.01.28"]
[Round "5"]
[White "Pavlovic,Milo"]
[Black "Mohota,N"]
[Result "0-1"]
[WhiteElo "2494"]
[BlackElo "2318"]

1.Nf3 d5 2.c4 e6 3.b3 Nf6 4.g3 b6 5.Bg2 Bb7 6.Bb2 Nbd7 7.O-O c5 8.cxd5 Bxd5
9.Nc3 Bb7 10.e3 Be7 11.Qe2 O-O 12.Rfd1 Qc7 13.Rac1 Rac8 14.d3 Rfd8 15.Bh3 Qb8
16.Ne1 Bf8 17.f4 Qa8 18.Bg2 Bxg2 19.Nxg2 Nb8 20.Rf1 Nc6 21.Rcd1 Rd7 22.g4 Rcd8
23.g5 Ne8 24.Rf3 Nb4 25.e4 g6 26.Rh3 Qb7 27.a3 Nc6 28.Qf2 Nd4 29.Ne2 Bg7
30.Ng3 Nf3+ 31.Qxf3 Bxb2 32.Kh1 Bxa3 33.Qe2 c4 34.bxc4 b5 35.Ne3 Bc5 36.Ngf1 Bxe3
37.Nxe3 Rxd3 38.Rxd3 Qxe4+ 39.Rf3 Qxd3 40.Qxd3 Rxd3 41.cxb5 Nd6  0-1